Statistics for 100 Biggest Cities in France on a Map

Click here to take the quiz!

General Stats

  • This quiz has been taken 2,359 times
  • The average score is 40 of 100

Answer Stats

Pop City % Correct
2.23 mParis
100%
855 kMarseille
98%
501 kLyon
97%
243 kBordeaux
97%
342 kNice
96%
458 kToulouse
94%
231 kLille
91%
276 kStrasbourg
91%
293 kNantes
87%
139 kBrest
82%
272 kMontpellier
82%
211 kRennes
81%
153 kDijon
81%
72.5 kCalais
79%
172 kLe Havre
77%
160 kGrenoble
73%
67.5 kAjaccio
73%
183 kReims
73%
114 kOrleans
70%
164 kToulon
68%
119 kMetz
66%
172 kSaint-Etienne
66%
111 kRouen
65%
104 kNancy
65%
73.3 kCannes
64%
107 kCaen
63%
135 kTours
63%
90.3 kAvignon
60%
142 kSaint-Denis
59%
121 kPerpignan
59%
90.0 kDunkirk
58%
151 kNimes
56%
141 kClermont-Ferrand
56%
135 kLimoges
56%
144 kLe Mans
55%
85.3 kVersailles
55%
133 kAmiens
54%
150 kAngers
49%
74.3 kLa Rochelle
49%
77.6 kPau
49%
142 kAix-en-Provence
47%
117 kBesancon
44%
112 kMulhouse
44%
87.4 kPoitiers
43%
63.5 kQuimper
38%
59.7 kTroyes
37%
68.0 kColmar
36%
147 kVilleurbanne
35%
61.8 kValence
33%
84.2 kFort-de-France
31%
95.9 kRoubaix
30%
67.2 kBourges
30%
58.0 kLorient
30%
74.8 kBeziers
29%
58.7 kChambery
27%
117 kBoulogne-Billancourt
23%
68.5 kSaint-Nazaire
23%
90.0 kCreteil
23%
55.3 kBeauvais
22%
94.0 kTourcoing
22%
92.2 kNanterre
21%
75.5 kAntibes
21%
57.4 kNiort
20%
57.9 kMontauban
20%
104 kMontreuil
20%
81.4 kSaint-Pierre
19%
107 kArgenteuil
19%
62.3 kNeuilly-sur-Seine
18%
104 kSaint-Paul
17%
55.7 kHyeres
16%
55.7 kSaint-Quentin
16%
61.7 kCergy
15%
90.1 kVitry-sur-Seine
15%
58.9 kIvry-sur-Seine
13%
68.2 kDrancy
12%
76.1 kLe Tampon
12%
84.6 kColombes
12%
60.8 kPessac
12%
77.5 kAubervilliers
11%
59.3 kClichy
11%
85.5 kCourbevoie
10%
61.7 kAntony
10%
82.6 kAulnay-sous-Bois
10%
65.7 kIssy-les-Moulineaux
10%
62.8 kNoisy-le-Grand
9%
68.4 kMerignac
9%
58.0 kLes Abymes
9%
56.2 kSaint-Andre
9%
62.6 kVilleneuve-d'Ascq
8%
86.0 kAsnieres-sur-Seine
8%
57.5 kSarcelles
8%
57.2 kVillejuif
8%
79.8 kRueil-Malmaison
8%
65.3 kLevallois-Perret
7%
61.6 kVenissieux
7%
76.0 kChampigny-sur-Marne
7%
74.1 kSaint-Maur-des-Fosses
6%
64.5 kLa Seyne-sur-Mer
6%
54.9 kEpinay-sur-Seine
6%

Score Distribution

Percentile by Number Answered

Percent of People with Each Score

Your Score History

You have not taken this quiz